01664nam a2200301Ia 4500003000400000005001700004008004100021020002200062040000900084041000800093082002300101100001900124245006500143260004500208300002500253365001300278520042400291650002900715650003700744650004800781650002900829700002100858906009200879942001200971999001900983952017301002952018701175OSt20220215110545.0210719s2012 xx 000 0 und d a978-93-5012-141-2 cAloy aeng a355.002 223bGUPP aR Gupta919865 aPopular Master Guide AFCAT: Air Force Common Admission Test  aNew DelhibRamesh Publishing Housec2012 aiv,324bPBc22x13cm, b190c₹ aThis comprehensive book is specially developed for the candidates of AFCAT (Air Force Common Admission Test) for Flying & Technical Branch. This book includes Study Material & Previous Years Papers (Solved) for the purpose of practice of questions based on the latest pattern of the examination. Detailed Explanatory Answers have also been provided for the selected questions for Better Understanding of the Candidates  aNumerical Ability919866 aVerbal Ability in English919867 aReasoning and Military Aptitude Test919868 aGeneral Awareness919869 aGUPTA (R)919865 a2012 ; admission ; AFCAT: ; air ; common ; Ed ; force ; guide ; master ; Popular ; test 2ddccBK c215351d215351 001040708Competitive ExamsaALbALd2011-12-03eSchool Book Company, Mangalore | General Annualg190.00l0o355.002 GUPPpD03983r2021-07-19 00:00:00w2021-07-19yDB 00102ddc40708OTHaALbALd2022-02-14eBiblios Book Point, Suarthkal, Mangalore-575014g352.00l3m1o355.002 GUPPp075428r2026-01-02 09:49:28s2025-12-06v440.00w2022-02-15yBK